• 首页
  • 本馆介绍
  • 公告通知
  • 最新文献
  • 馆藏检索
  • 电子资源
  • 读者导购
  • 参考咨询
  • 我的图书馆
  • 登录
  • 详细信息显示
  • 放入我的书架
  • 预约/预借图书
  • 作者相关作品
  • 分类相关作品
  • 丛书相关作品
  • 出版社相关作品

书目信息

  • 表格格式
  • 工作单格式
  • 卡片格式
题名:
日食记
    
 
作者: 姜老刀 著
分册:  
出版信息: 成都   四川文艺出版社  2018
页数: 205页
开本: 21cm
丛书名:
单 册:
中图分类: I247.81 , TS972.12
科图分类:
主题词: 故事--作品集--中国--当代 , 食谱
电子资源:
ISBN: 978-7-5411-4753-1
000 00822nam0 2200253 450
001 2062938222
005 20201127172914.30
010    @a978-7-5411-4753-1@dCNY69.00
100    @a20181031d2018 em y0chiy50 ea
101 0  @achi
102    @aCN@b510000
105    @aa z 000fy
200 1  @a日食记@9ri shi ji@b专著@dCat's kitchen@f姜老刀著@zeng
210    @a成都@c四川文艺出版社@d2018
215    @a205页@c图,照片@d21cm@e1别册(19cm)
330    @a本书是“日食记”创始人姜老刀的首部美食故事集,收录了自2013年“日食记”创办以来的经典菜品背后,一个个治愈人心的温暖故事。
510 1  @aCat's kitchen@zeng
606 0  @a故事@x作品集@y中国@z当代
606 0  @a食谱
690    @aI247.81@v5
690    @aTS972.12@v5
701  0 @a姜老刀@9jiang lao dao@4著
801  2 @aCN@b58marc.cn@c20190505
905    @aZUCC@dI247.81@e53
    
    日食记=Cat's kitchen/姜老刀著.-成都:四川文艺出版社,2018
    205页:图,照片;21cm+1别册(19cm)
    
    
    ISBN 978-7-5411-4753-1:CNY69.00
    本书是“日食记”创始人姜老刀的首部美食故事集,收录了自2013年“日食记”创办以来的经典菜品背后,一个个治愈人心的温暖故事。
●
相关链接 在五车中查询图书 在当当中查询图书 在豆瓣中查询图书


正题名:日食记     索取号:I247.81/53         预约/预借

序号 登录号 条形码 馆藏地/架位号 状态 备注
1 870858   2000870858   第一书库/ [索取号:I247.81/53] 在馆    
2 870859   2000870859   第一书库/ [索取号:I247.81/53] 在馆    
3 870860   2000870860   第一书库/ [索取号:I247.81/53] 在馆    
山东省滨州职业学院图书馆 欢迎您!
大连网信软件有限公司© 版权所有